000 00513nam a22001577a 4500
005 20251108165804.0
008 250721s1986 xx 000 0 ara d
082 1 4 _aم/343.04/أحم
100 1 _aحسني، أحمد محمود
245 1 0 _aقضاء النقض الضريبي :
_bالمبادئ التي قررتها محكمة ... /
264 1 _aالإسكندرية :
_bمنشأة المعارف،
_c1986.
300 _a974ص
650 1 7 _aقانون الضرائب
942 _2ddc
_cREF
999 _c31320
_d31320